Shikhandi and other tales they don't tell you / (Record no. 92773)

MARC details
000 -LEADER
fixed length control field 00548nam a22001817a 4500
005 - DATE AND TIME OF LATEST TRANSACTION
control field 20150514105900.0
010 ## - LCCN (DPL NO)
LC control number ENG-112599
020 ## - INTERNATIONAL STANDARD BOOK NUMBER
International Standard Book Number 9789383074846
Terms of availability 299.00
035 ## - SYSTEM CONTROL NUMBER
System control number EN-96131
037 ## - SOURCE OF ACQUISITION
Source of stock number/acquisition DBAD/PUB
082 ## - DEWEY DECIMAL CLASSIFICATION NUMBER
Classification number S
100 ## - MAIN ENTRY--PERSONAL NAME
Personal name Pattanaik,Devdutt
245 00 - TITLE STATEMENT
Title Shikhandi and other tales they don't tell you /
Statement of responsibility, etc by Devdutt Pattanaik ; illustrated by the author
260 ## - PUBLICATION, DISTRIBUTION, ETC. (IMPRINT)
Place of publication, distribution, etc New Delhi
Name of publisher, distributor, etc Zubaan
Date of publication, distribution, etc 2014
270 ## - ADDRESS
Address 128 B, Shah Pur Jat, Ist Floor,
City New Delhi
Postal code 110049
300 ## - PHYSICAL DESCRIPTION
Extent 179p.:
Dimensions 22cm(pbk)
Other physical details ill.
942 ## - ADDED ENTRY ELEMENTS (KOHA)
Source of classification or shelving scheme Dewey Decimal Classification
Item type English Books
Call number suffix PAT
Classification part S
Holdings
Withdrawn status Lost status Not for loan Collection code Home library Current library Date acquired Source of acquisition Cost, normal purchase price Full call number Barcode Copy number Cost, replacement price Koha item type
    Not For Loan Fiction D.B.Act.Division D.B.Act.Division 08/04/2015 DBAD/PUB 299.00 S PAT EN-96131 1 299.00 English Books

© Delhi Public Library
Hit Counter
free hit counter